[Event "Mechanics' June TNM"]
[Site "San Francisco"]
[Date "2021.06.15"]
[Round "3.8"]
[White "Makhanov, Gaziz"]
[Black "Rakonitz, David"]
[Result "1-0"]
[WhiteElo "1855"]
[BlackElo "1622"]
[Annotator "de Firmian, Nick"]
[PlyCount "59"]
[EventDate "2021.06.01"]
[EventType "swiss"]
[EventRounds "5"]
[EventCountry "USA"]

1. e4 e6 2. d4 d5 3. exd5 exd5 4. c4 Nf6 5. Nf3 Be7 6. Nc3 O-O 7. h3 Nc6 8. Bd3
dxc4 9. Bxc4 {[#]} Na5 10. Bd3 b6 11. d5 Nb7 $2 {"Blockade the isolated pawn,
win it later" (Nimzovich); "Win it now" (Everybody else)} (11... Bb7) (11...
Bb4) ({Of course not} 11... Nxd5 $4) 12. Bf4 Nd6 13. Rc1 Bb7 14. Bb1 Rc8 15.
O-O c6 (15... Nh5 16. Bh2 Bg5 17. Nxg5) 16. Qd3 $2 (16. dxc6 Rxc6 17. Re1 $16)
16... g6 $2 (16... cxd5 {wins a pawn for nothing. Don't fear a mate that isn't
there!}) 17. Rfe1 $2 cxd5 18. Nd4 Qd7 19. Bc2 a6 20. Na4 Qd8 21. Nxb6 Qxb6 22.
Rxe7 Rfe8 23. Bxd6 Rxe7 24. Bxe7 Ne4 25. Ba3 Rc4 26. Rd1 Qf6 27. f3 Ng3 {
[#] Black has a real threat of 28...Rxd4, but White has some threats of his
own.} 28. Rd2 $6 (28. Qe3 $1 {is the most threatening and winning.}) 28... Rxd4
$2 (28... Qxd4+ 29. Qxd4 Rxd4 30. Rxd4 Ne2+ 31. Kf2 Nxd4 32. Bd3 {sees Black
carrying out his threat but still on some trouble in the ending. Nonetheless,
this is better than...}) 29. Qe3 $1 Rxd2 $4 30. Qe8+ 1-0

[Event "Mechanics' June TNM"]
[Site "San Francisco"]
[Date "2021.06.15"]
[Round "3.9"]
[White "Rajaram, Anika"]
[Black "Gerstoft, Philip"]
[Result "1-0"]
[WhiteElo "1860"]
[BlackElo "1788"]
[Annotator "de Firmian, Nick"]
[PlyCount "75"]
[EventDate "2021.06.01"]
[EventType "swiss"]
[EventRounds "5"]
[EventCountry "USA"]

1. d4 d5 2. c4 c6 3. Nf3 Nf6 4. Qb3 dxc4 5. Qxc4 Bf5 6. Nc3 Nbd7 7. g3 e6 8.
Bg2 Be7 9. O-O O-O 10. Re1 ({A famous trap is} 10. Rd1 $4 Bc2 {threatening ...
Nb6!}) 10... Ne4 11. Qb3 Nb6 12. Be3 a5 13. Ne5 a4 14. Qd1 Nf6 15. f3 a3 16. b3
Bb4 17. Qc1 Nbd5 18. Bd2 Nc7 19. e3 c5 {[#]} 20. Ne2 Bxd2 21. Qxd2 Nd7 22. Nc4
b5 23. Nd6 Bg6 {[#]} 24. f4 Ra6 25. Nb7 Qe7 26. Rac1 c4 27. bxc4 b4 28. c5 Nf6
29. Nd6 Rb8 30. e4 Nfe8 {[#]} 31. f5 exf5 32. exf5 Bh5 33. Nf4 Qg5 34. Qd3 Ra5
35. Qb3 Nxd6 36. cxd6 Ne8 37. d7 Nd6 38. Rc8+ 1-0

[Event "Mechanics' June TNM"]
[Site "San Francisco"]
[Date "2021.06.15"]
[Round "3.10"]
[White "Hao, Max"]
[Black "Riese, Kayven"]
[Result "1-0"]
[WhiteElo "1804"]
[BlackElo "1900"]
[PlyCount "112"]
[EventDate "2021.06.01"]
[EventType "swiss"]
[EventRounds "5"]
[EventCountry "USA"]

1. d4 e6 2. c4 f5 3. g3 Nf6 4. Bg2 d5 5. Nf3 Bd6 6. O-O O-O 7. Nc3 c6 8. Bf4
Bxf4 9. gxf4 Nbd7 10. Qc2 dxc4 11. Ne5 Nb6 12. e3 Nfd5 13. Qe2 Bd7 14. Nxc4
Nxc4 15. Qxc4 Rf6 16. h3 Rg6 17. Kh2 Qh4 18. Qe2 Rf8 {[#]} 19. Rg1 Nf6 20. Bf3
Rh6 21. Rg3 Be8 22. Rag1 Rf7 23. Kg2 Re7 24. Kf1 Bh5 25. Rh1 Kf8 26. Bxh5 Nxh5
27. Rg5 Rd7 28. Qf3 g6 29. Na4 Kf7 30. Nc5 Rc7 31. Nd3 Nf6 32. Ne5+ Kg7 33. Qg2
Ne4 34. Nf3 {[#]} Qxf2+ 35. Qxf2 Nxf2 36. Kxf2 c5 37. dxc5 Rxc5 38. Nd4 Kf6 39.
Rgg1 e5 40. fxe5+ Kxe5 41. Rc1 Rxc1 42. Rxc1 Rxh3 43. Nf3+ Kd5 44. Rc7 b6 45.
Rxa7 h6 46. Rf7 Ke4 47. Kg2 Rh5 48. b4 g5 49. a4 g4 50. Nd4 Rg5 51. a5 bxa5 52.
bxa5 h5 {[#]} 53. Nxf5 h4 54. a6 g3 55. a7 Rg8 56. Nxh4 Kxe3 1-0

[Event "Mechanics' June TNM u1800"]
[Site "San Francisco"]
[Date "2021.06.15"]
[Round "3.11"]
[White "Uzakbaev, Nursultan"]
[Black "Imbens, Andrew"]
[Result "1-0"]
[WhiteElo "1513"]
[BlackElo "1253"]
[PlyCount "57"]
[EventDate "2021.06.01"]
[EventType "swiss"]
[EventRounds "5"]
[EventCountry "USA"]

{[%evp 0,55,21,12,27,24,47,63,38,38,37,22,10,30,10,4,-8,4,6,17,12,25,17,21,25,
24,31,27,73,73,73,-25,-22,-59,-42,-28,-13,-65,-38,-80,-25,-41,13,-45,-46,-88,
-44,-144,-11,-18,101,119,390,322,478,414,447,447]} 1. d4 Nf6 2. Nf3 g6 3. c4
Bg7 4. Nc3 O-O 5. Bg5 h6 6. Bd2 d6 7. e4 e5 8. d5 a5 9. a3 Bd7 10. Bd3 Na6 11.
h3 $6 (11. b3) 11... Nc5 12. Bc2 a4 13. Be3 c6 14. Bxc5 dxc5 15. Nxe5 Nxe4 16.
Bxe4 Bxe5 17. O-O Re8 18. Qc2 Qg5 19. Qd3 Qf4 20. g3 Qg5 21. Bg2 Bf5 22. Ne4
Qe7 23. Rfe1 Qd8 24. g4 Be6 25. Nxc5 Bc8 26. dxc6 Qb6 27. cxb7 Bxb7 28. Nxb7
Rab8 29. c5 1-0

[Event "Mechanics' June TNM u1800"]
[Site "San Francisco"]
[Date "2021.06.15"]
[Round "3.15"]
[White "Carron, Joel"]
[Black "Starr, Albert"]
[Result "1-0"]
[WhiteElo "1610"]
[BlackElo "1609"]
[PlyCount "73"]
[EventDate "2021.06.01"]
[EventType "swiss"]
[EventRounds "5"]
[EventCountry "USA"]

1. e4 e5 2. Nf3 Nf6 3. Nc3 Bb4 4. Nxe5 Qe7 (4... O-O $5) 5. Nf3 Nxe4 6. Nd5 Qc5
{[#]} 7. Ne3 O-O 8. c3 Nc6 9. cxb4 Nxb4 10. a3 Nd5 11. Qc2 Ndf6 12. Qxc5 Nxc5
13. b4 Ne6 14. Bc4 c6 15. O-O d5 16. Bd3 g6 17. Bb2 Nh5 18. g3 Bd7 19. Ng4 f6
20. Ne3 Rad8 21. Nd4 Nc7 22. Rfe1 b6 23. Rac1 c5 24. bxc5 b5 25. c6 Be8 26.
Nxb5 Rb8 27. Nxc7 Rxb2 28. Nxe8 Rxe8 29. c7 f5 30. c8=Q Rxc8 31. Rxc8+ Kg7 32.
Nxd5 Rxd2 33. Re7+ Kh6 34. Bc4 Rd4 35. h4 f4 36. g4 Ng7 37. Nf6 1-0

[Event "Mechanics' June TNM u1800"]
[Site "San Francisco"]
[Date "2021.06.15"]
[Round "3.16"]
[White "Ballantyne, Andrew"]
[Black "Tsolias, Georgios"]
[Result "1-0"]
[WhiteElo "1251"]
[BlackElo "1679"]
[Annotator "de Firmian, Nick"]
[PlyCount "41"]
[EventDate "2021.06.01"]
[EventType "swiss"]
[EventRounds "5"]
[EventCountry "USA"]

1. e4 e6 2. d4 d5 3. e5 c5 4. c3 Nc6 5. Nf3 Qb6 6. Bd3 cxd4 7. cxd4 Bd7 8. O-O
Nxd4 9. Nxd4 (9. Nbd2) 9... Qxd4 10. Nc3 a6 11. Qe2 Ne7 12. Kh1 Nc6 13. f4 Nb4
14. Rd1 Nxd3 (14... Bc5 $5) 15. Rxd3 Qc4 (15... Qb6 $5) 16. Be3 {[#]} (16. b3
Qc7 17. Bb2) 16... Bb5 17. Nxb5 Qxb5 18. Rc1 $146 {[#]} (18. f5 exf5 19. Bg5 h6
20. Bh4 Qc4 21. Bf6 Rg8 22. Rad1 Qe4 23. Rxd5 gxf6 24. Qd2 Be7 25. exf6 Qxd5
26. Qxd5 Rd8 27. Qf3 {1-0 (47) Tupy,M-Kubala,M (2145) Chrudim 1993}) 18... Qd7
$4 (18... Be7 19. Qc2 (19. Rc7 Bd8 $17) 19... Qd7 20. Rc3 Bd8 $15) 19. Rdc3 Be7
20. Rc7 O-O $2 21. Rxd7 1-0

[Event "Mechanics' June TNM u1800"]
[Site "San Francisco"]
[Date "2021.06.15"]
[Round "3.17"]
[White "Wilson, Stephen"]
[Black "Hack, Richard"]
[Result "0-1"]
[WhiteElo "1242"]
[BlackElo "1569"]
[PlyCount "100"]
[EventDate "2021.06.01"]
[EventType "swiss"]
[EventRounds "5"]
[EventCountry "USA"]

1. e4 e5 2. Nf3 Nc6 3. Bc4 Nf6 4. c3 $6 Nxe4 5. d4 exd4 6. cxd4 d5 7. Bb5 Bg4
8. Nbd2 Qd6 9. a3 Be7 10. O-O O-O 11. Bxc6 bxc6 12. Re1 Nf6 13. b4 a5 14. bxa5
Rxa5 15. Nb3 Raa8 16. Bg5 h6 17. Bc1 Rfe8 18. Nbd2 Bf8 19. Bb2 Rxe1+ 20. Qxe1
Rb8 21. Rb1 Bf5 22. Nh4 Bxb1 23. Qxb1 Qf4 24. Nhf3 Bxa3 25. g3 Qd6 26. Kg2 Rxb2
27. Qf5 Qd7 28. Qd3 Bd6 29. h3 Rb8 30. g4 Re8 31. Kf1 Ne4 32. Kg2 Qe6 33. Kf1
Nxd2+ 34. Qxd2 Qe4 35. Ng1 Qb1+ 36. Kg2 Re1 37. Nf3 Bb4 38. Qf4 Bd6 39. Qf5
Qxf5 40. gxf5 Rc1 41. h4 c5 42. dxc5 Bxc5 43. h5 d4 44. Ne5 Rd1 45. Kf3 d3 46.
Nd7 Bd4 47. Ke4 Bxf2 48. Ne5 Re1+ 49. Kf4 Rxe5 50. Kxe5 d2 0-1

[Event "Mechanics' June TNM u1800"]
[Site "San Francisco"]
[Date "2021.06.15"]
[Round "3.18"]
[White "Singer, Aleksandra"]
[Black "Parsons, Stephen"]
[Result "0-1"]
[WhiteElo "949"]
[BlackElo "1517"]
[Annotator "de Firmian, Nick"]
[PlyCount "62"]
[EventDate "2021.06.01"]
[EventType "swiss"]
[EventRounds "5"]
[EventCountry "USA"]

1. e4 c5 2. Nf3 Nc6 3. d4 cxd4 4. Nxd4 Nf6 5. Nxc6 (5. Nc3 d6 (5... e6) (5...
e5)) 5... bxc6 6. Nc3 (6. e5 Qa5+) 6... e5 7. Bc4 Bb4 8. Bd2 O-O 9. Qf3 d5 10.
exd5 Bg4 11. Qd3 e4 12. Nxe4 Bxd2+ 13. Kxd2 cxd5 14. Nxf6+ Qxf6 {[#]} 15. Bxd5
Bf5 16. Qf3 Rfd8 17. Kc1 Qg5+ 18. Kb1 {[#]} Bxc2+ 19. Kxc2 Rxd5 20. Rad1 Qg6+
21. Rd3 Rc8+ 22. Kd2 Rxd3+ 23. Qxd3 Qf6 24. Rc1 Qxf2+ 25. Qe2 Qxe2+ 26. Kxe2
Rxc1 27. Kd2 Rg1 28. a4 Rxg2+ 29. Kc3 f5 30. b4 f4 31. b5 f3 0-1

[Event "Mechanics' June TNM u1800"]
[Site "San Francisco"]
[Date "2021.06.15"]
[Round "3.20"]
[White "Reed, Paul Henry"]
[Black "Cao, Danny"]
[Result "1-0"]
[WhiteElo "1322"]
[BlackElo "887"]
[Annotator "de Firmian, Nick"]
[PlyCount "86"]
[EventDate "2021.06.01"]
[EventType "swiss"]
[EventRounds "5"]
[EventCountry "USA"]

1. Nf3 d5 2. c4 c6 3. g3 Bg4 {A solid system for every level from the best
grandmasters down -- even to these players!} 4. Bg2 Nf6 5. O-O Nbd7 6. d4 e6 7.
Nc3 {Perhaps White should do something about the c-pawn, like trade it.} Be7 (
7... dxc4 $5) 8. Qc2 O-O 9. Re1 $6 Rc8 (9... dxc4 $1 10. e4 b5 {Certainly
White has long-term compensation, but it's probably not a good bet.}) 10. Bf4 {
And here White could get off the c-file:} (10. Qb3) 10... Bxf3 {Black is
unsure of himself.} (10... dxc4) 11. Bxf3 Re8 12. Rad1 Nf8 {Black is so intent
on not taking on c4, now he's doing real harm to his position.} 13. e4 dxe4 14.
Nxe4 {A pawn transformation familiar from many opening, Caro-Kann, Center
Counter/Skandinavian, and of course various Queen's Gambit lines (which,
really, the Catalan is one).} h6 15. Qb3 Nxe4 16. Bxe4 Ng6 $2 {[#] White
finally had an actual threat (to b7) which should have been defended directly.
Now White can take "a tempo" and Black falls apart.} 17. Bxg6 (17. d5 $1 {
is an exciting alternative. White looks to take on c6 (attack Black's queen)
and cxb7 (on the rook) before recapturing on f4. And if Black trades off the
c-pawn first on d5...)} cxd5 (17... Nxf4 18. dxc6 Qc7 19. cxb7) 18. cxd5 Nxf4
19. dxe6 {then White goes the other way, with exf7+ a disaster!}) 17... fxg6
18. Rxe6 {This should turn out okay.} Qd7 19. Rxg6 {Taking the second pawn is
the most commital but ultimately best.} Qf5 {[#]} (19... Bf6 20. Qd3 {defends
the rook (and stops ...Qf5).}) 20. Qd3 $2 {Too soon!} (20. c5+ $1 {looks to
play back to e6 and to safety with the rook, and if Black blocks,} Qf7 ({or} 
20... Qd5) (20... Kh7 21. Re6 $1) ({One fun line is} 20... Kf8 $2 21. Rxh6 $1)
21. Be5 $1 {(the rook can't be taken!)} Bf8 {and now White gets away various
ways, push the h- or f-pawn, head back to g4 right away, guard it with the
queen on c2 or d3.}) 20... Qxd3 21. Rxd3 {[#]} Bf6 $2 (21... Kf7 $1 22. Rg4 h5
$1 {[#] Now it really is trapped! White can "bail out" and get a bishop and
two pawns for the rook with} 23. Rg5 $1 Bxg5 24. Bxg5 {but after} Re2 {White
has no advantage and has to be careful himself to draw.}) 22. Bxh6 $6 {Now
it's going to be *three* pawns for the Exchange! But better was} (22. Be5 $1 {
clearing the safe path Rg4-e4, maybe (maybe not) giving back a pawn but with a
won ending.}) 22... Kh7 (22... Kf7 {was more active. Black is worse but has
some chance.}) 23. Rxf6 gxf6 24. Be3 Rcd8 25. d5 cxd5 26. cxd5 b6 27. Rd2 Rd7
28. d6 Rc8 29. Kg2 Kg6 30. g4 Rc6 31. Bf4 f5 32. g5 (32. f3 {and h2-h4-h5
might be simpler}) 32... Rc4 33. Kg3 Re4 34. h4 Rc4 35. Be5 $2 Rg4+ 36. Kh3 Kh5
37. Bg3 $6 Re4 $2 (37... f4 $1 38. Rd4 $1 fxg3 39. Rxg4 gxf2 40. Rf4 Rxd6 {
requires White to exhibit technique still.}) 38. f4 Re6 39. Rd5 Rexd6 40. Rxf5
Rd3 41. Rf6 R7d6 42. Rxd6 Rxd6 43. f5 Rd3 {Time Scramble: White won 1-0 51 or
so.} 1-0

[Event "Mechanics' June TNM u1800"]
[Site "San Francisco"]
[Date "2021.06.15"]
[Round "3.21"]
[White "Cohee, Jim"]
[Black "Griso, Simone Pagan"]
[Result "0-1"]
[WhiteElo "1612"]
[BlackElo "1098"]
[PlyCount "72"]
[EventDate "2021.06.01"]
[EventType "swiss"]
[EventRounds "5"]
[EventCountry "USA"]

1. Nf3 Nf6 2. g3 e6 3. Bg2 d5 4. d3 Bc5 5. O-O O-O 6. Nbd2 Nbd7 7. c3 b6 8. d4
Bd6 9. Re1 Bb7 10. Qc2 c5 11. e4 dxe4 12. Ng5 cxd4 13. Ndxe4 Qc7 14. Nxf6+ Nxf6
15. Bxb7 Qxb7 16. cxd4 Bb4 17. Bd2 Bxd2 18. Qxd2 Rad8 19. Qf4 Rd5 20. Rac1 h6
21. Ne4 Nxe4 22. Rxe4 Rc8 23. Qe3 Rxc1+ 24. Qxc1 Ra5 25. Qc2 Rxa2 26. Re1 Qd5
27. Qc3 Qa5 28. Rc1 Qb5 29. Rc2 Ra4 30. Rc1 a5 31. Qd2 Rb4 32. Rc8+ Kh7 33.
Qc2+ Qf5 34. Qc3 Qb1+ 35. Qc1 Qxc1+ 36. Rxc1 Rxb2 0-1

[Event "Mechanics' June TNM u1800"]
[Site "San Francisco"]
[Date "2021.06.15"]
[Round "3.23"]
[White "Cunningham, Thomas"]
[Black "Ahrens, Richard"]
[Result "1/2-1/2"]
[WhiteElo "971"]
[BlackElo "1228"]
[PlyCount "44"]
[EventDate "2021.06.01"]
[EventType "swiss"]
[EventRounds "5"]
[EventCountry "USA"]

1. e4 e5 2. Nf3 Nc6 3. Bc4 Nf6 4. Ng5 d5 5. exd5 Nxd5 6. Nxf7 Kxf7 7. Qf3+ Ke6
8. Nc3 Nce7 9. O-O g6 10. d4 c6 11. Qg4+ Kf6 12. dxe5+ Kg7 13. Qg3 Be6 14. Bg5
Nf5 15. Bxd8 Nxg3 16. fxg3 Rxd8 17. Rad1 Be7 18. Ne4 Rhf8 19. Bd3 Ne3 20. Rxf8
Nxd1 21. Rf3 Nxb2 22. Be2 Bxa2 1/2-1/2